00484nam a2200193Ia 4500003000400000005001700004008004100021020001800062040000700080041000800087082002100095100002700116245004100143250000600184260003800190300001700228365001300245650003200258OSt20230504113250.0210423s2012 xx 000 0 und d a9780070648111 cAL aeng a621.382 TAUH223 aTAUB (Herbert);others. aPrinciples of communication systems. a3 aNew DelhibTata McGraw-hillc2012 axiii,842bPB b495cINR aElectronics & Communication